000 01058nam a22002177a 4500
999 _c59711
_d59711
003 Ge_BSU
005 20230405105523.0
008 230405s2001 ge ||||| |||| 00| 0 geo d
020 _a9992837136
041 _ageo
080 _a93/94(042.4) კ-27
100 _aკარი, ედვარდ ჰელეტ
_917482
245 _aრა არის ისტორია? :
_bკემბრიჯის უნ-ტში წაკითხული ლექციების ციკლი, 1961 წ. იანვარი-მარტი /
_c ინგლ. თარგმნა მანანა ბეზარაშვილმა ; [რედ.: დავით ზურაბიშვილი].
264 _aთბილისი:
_bCIPDD,
_c2001.
300 _a143გვ. ;
_b20სმ.
653 _aისტორია
653 _aსაზოგადოება
653 _aპიროვნება
700 _aზურაბიშვილი, დავით
_eრედაქტორი
_91692
942 _2udc
_cBK